000 00492nam a2200121Ia 4500
008 220620s9999||||xx |||||||||||||| ||und||
100 _aSayyad Zahid Qamar
245 0 _aExtrusion of Metals, Polymers and Food Products
546 _aEnglish[eng]
650 _aEngineering||Physical Sciences||Engineering and Technology||Industrial Engineering and Management||Manufacturing Engineering
856 _uhttps://www.intechopen.com/books/extrusion-of-metals-polymers-and-food-products
942 _cEB
999 _c31305
_d31305